000 00413nam a2200169Ia 4500
001 23416
005 20260414150935.0
008 260414t2002||||xx |||||||||||||| ||spa||
041 _aESP
082 _a650.01513
_bA42E
100 _aAliaga Valdez, Carlos
_eAUT
245 0 _aMatemáticas financieras :
_bun enfoque práctico
260 _c2002
650 _aGEN
654 _aCCO
942 _cLIB
_dJUS
_fJUS
_2ddc
_n
999 _c23416
_d23416